000 00862nmm a2200289 a 4500
001 ocm0001411891
003 TR-IsHL
005 20201028164517.0
008 160220s2016 tu tur
007 cr cn
020 _a9786059654357
035 _a1411891
_b(N$T)
050 0 4 _aHB501
_b.O94 2016
090 0 4 _aHB501
_b.O94 2016
100 1 _aÖzhan, Tarkan
245 1 0 _aDas Kapital'in şifresi
_h[electronic resource] /
_cTarkan Özhan
260 _aİstanbul :
_bE-Kitap Projesi,
_c2016
300 _a374 p.
650 4 _aEkonomi ve Finans
650 4 _aEconomics and Finance
650 0 _aSermaye
650 0 _aCapital
650 0 _aEkonomi
650 0 _aEconomics
650 7 _aBUSINESS & ECONOMICS / Knowledge Capital
_2bisacsh
856 4 0 _uhttp://search.ebscohost.com/login.aspx?direct=true&scope=site&db=e011xww&AN=1411891
999 _c15631
_d15631